All Incorporated Municipalities of Rutland County, Vermont - Statistics

General Stats
  • This quiz has been taken 5 times
  • The average score is 22 of 29
Answer Stats
Answer % Correct
Benson
100%
Brandon
100%
Castleton
100%
Chittenden
100%
Clarendon
100%
Fair Haven
100%
Hubbardton
100%
Killington
100%
Pittsfield
100%
Proctor
100%
Rutland
100%
Rutland
100%
West Haven
100%
West Rutland
100%
Danby
67%
Ira
67%
Mendon
67%
Middletown Springs
67%
Pawlet
67%
Pittsford
67%
Poultney
67%
Poultney
67%
Sudbury
67%
Wallingford
67%
Mount Holly
33%
Mount Tabor
33%
Shrewsbury
33%
Tinmouth
33%
Wells
33%
No matching quizzes found
Score Distribution
Percent of People with Each Score
Percentile by Number Answered
Your Score History
You have not taken this quiz